| 000 | 00438nam a22001457a 4500 | ||
|---|---|---|---|
| 005 | 20240807154828.0 | ||
| 008 | 240807b |||||||| |||| 00| 0 eng d | ||
| 041 | _aeng | ||
| 082 | _bDES | ||
| 100 |
_aSakshi Deshpande-2K201021 & Dr. Arpita Singh - Guide _9208069 |
||
| 245 | _aAn Analysis of Perception of Employees Towards Onboarding Process at F and B Recipes | ||
| 260 |
_aPune _bSPPU _cMarch-2022 |
||
| 300 | _a56p | ||
| 942 | _cPR | ||
| 999 |
_c359289 _d359289 |
||